|
|
|
|
| LEADER |
01391nam a2200349 a 4500 |
| 001 |
35282 |
| 003 |
BD-DhAAL |
| 005 |
20190909142756.0 |
| 008 |
190909t1993 deua b 001 0 eng d |
| 999 |
|
|
|c 41173
|d 41173
|
| 010 |
|
|
|a 92035883
|
| 020 |
|
|
|a 0872073823
|
| 040 |
|
|
|a DLC
|c DLC
|d DLC
|d BD-DhAAL
|
| 043 |
|
|
|a n-us---
|
| 050 |
0 |
0 |
|a LB1576
|b .T367 1993
|
| 082 |
0 |
0 |
|a 372.6044
|2 20
|
| 245 |
0 |
0 |
|a Teacher to teacher :
|b strategies for the elementary classroom /
|c edited by Mary W. Olson, Susan P. Homan
|
| 260 |
|
|
|a Newark, Del. :
|b International Reading Association,
|c c1993.
|
| 300 |
|
|
|a xi, 237 pages :
|b illustrations ;
|c 29 cm.
|
| 500 |
|
|
|a Chiefly articles from The reading teacher, 1983-1991.
|
| 504 |
|
|
|a Includes bibliographical references and index.
|
| 526 |
|
|
|a BIED
|
| 541 |
|
|
|a Complimentary copy from BIED
|e 35282
|
| 650 |
|
0 |
|a Language arts (Elementary)
|z United States.
|9 34295
|
| 650 |
|
0 |
|a Teaching
|x Aids and devices.
|9 34296
|
| 650 |
|
0 |
|a Education.
|9 34304
|
| 700 |
1 |
|
|a Olson, Mary W.
|9 34297
|
| 700 |
1 |
|
|a Homan, Susan P.
|9 34298
|
| 730 |
0 |
|
|a Reading teacher.
|9 34299
|
| 852 |
|
|
|a Ayesha Abed Library
|c General Stacks
|
| 942 |
|
|
|2 ddc
|c BK
|
| 952 |
|
|
|0 0
|1 0
|2 ddc
|4 0
|6 372_604400000000000_TEA
|7 0
|9 66205
|a BRACUL
|b BRACUL
|c GEN
|d 2019-09-09
|e Complimentary copy from BIED
|l 0
|o 372.6044 TEA
|p 3010035282
|r 2019-09-09
|t 1
|w 2019-09-09
|y BK
|x Transferred from BIED to General Stacks
|